Quản trị ngân hàng thương mại hiện đại = Modern commercial banks management
Cuốn sách được biên soạn dựa trên yêu cầu học tập, nghiên cứu lĩnh vực quản trị kinh doanh trong ngân hàng thương mại. Với các nội dung phong phú, đi từ vấn đề tổng quan, đến các nội dung cụ thể trong Quản trị Ngân hàng như Quản trị nguồn...
Đã lưu trong:
| Príomhúdar: | |
|---|---|
| Formáid: | Leabhar |
| Teanga: | Undetermined |
| Foilsithe: |
Hồ Chí Minh
Phương Đông
2012
|
| Ábhair: | |
| Clibeanna: |
Cuir Clib Leis
Gan Chlibeanna, Bí ar an gcéad duine leis an taifead seo a chlibeáil!
|
| Thư viện lưu trữ: | Trung tâm Học liệu Trường Đại học Cần Thơ |
|---|
| LEADER | 01490nam a2200217Ia 4500 | ||
|---|---|---|---|
| 001 | CTU_181099 | ||
| 008 | 210402s9999 xx 000 0 und d | ||
| 020 | |c 75000 | ||
| 082 | |a 332.12 | ||
| 082 | |b D464 | ||
| 100 | |a Nguyễn, Đăng Dờn | ||
| 245 | 0 | |a Quản trị ngân hàng thương mại hiện đại = | |
| 245 | 0 | |b Modern commercial banks management | |
| 245 | 0 | |c Nguyễn Đăng Dờn chủ biên ; Hoàng Hùng ... [ et al.] | |
| 260 | |a Hồ Chí Minh | ||
| 260 | |b Phương Đông | ||
| 260 | |c 2012 | ||
| 520 | |a Cuốn sách được biên soạn dựa trên yêu cầu học tập, nghiên cứu lĩnh vực quản trị kinh doanh trong ngân hàng thương mại. Với các nội dung phong phú, đi từ vấn đề tổng quan, đến các nội dung cụ thể trong Quản trị Ngân hàng như Quản trị nguồn Vốn, Quản trị Tài sản nợ, quản trị Tài sản có, quản trị Tài chính, Quản trị Rủi ro trong kinh doanh ngân hàng, Quản trị Nhân lực v.v... Với những nội dung này, người học sẽ tiếp cận các nội dung quản trị ngân hàng, nắm bắt nội dung, phương pháp quản trị, nhằm đạt hiệu quả tối ưu. | ||
| 650 | |a Bank management,Quản trị ngân hàng | ||
| 904 | |i Nguyệt | ||
| 980 | |a Trung tâm Học liệu Trường Đại học Cần Thơ | ||